000
00254nam a22001217a 4500
008
180301b xxu||||| |||| 00| 0 eng d
041
_a
eng
080
_a
821
100
_a
21
101
_a
GJL
245
_a
Short Stories
_c
Maline, J.L
942
_2
udc
_c
BK
999
_c
43895
_d
43895